header

Checklist of library building design considerations (Record no. 220587)

MARC details
000 -LEADER
fixed length control field 01246nam a2200325Ia 4500
082 04 - DEWEY DECIMAL CLASSIFICATION NUMBER
Classification number 727/.8
245 00 - TITLE STATEMENT
Title Checklist of library building design considerations
250 ## - EDITION STATEMENT
Edition statement 4th ed.
260 ## - PUBLICATION, DISTRIBUTION, ETC. (IMPRINT)
Place of publication Chicago :
Name of publisher American Library Association,
Year of publication 2001.
300 ## - PHYSICAL DESCRIPTION
Number of Pages vii, 183 p.
650 #0 - SUBJECT ADDED ENTRY--TOPICAL TERM
Topical Term Library architecture
Topical Term Architecture
700 1# - ADDED ENTRY--PERSONAL NAME
Personal name Sannwald, William W.
856 40 - ELECTRONIC LOCATION AND ACCESS
Uniform Resource Identifier http://site.ebrary.com/lib/rucke/Doc?id=10194718

No items available.

© 2026 Rongo University
Contact us: librarian | system librarian | Rongo university